Statistics for Compound Word Chain Quiz

Click here to take the quiz!

General Stats

  • This quiz has been taken 72 times
  • The average score is 17 of 26

Answer Stats

DefinitionCompound Word% Correct
A day on which one works.Workday
92%
The time of the day between sunrise and sunset.Daytime
87%
The horizontal top part of a table.Tabletop
80%
A chart showing the departure and arrival times of trains, buses, or planes.Timetable
78%
Pieces of wood which are floating on the sea or have been washed ashore.Driftwood
77%
The wooden parts of a room or building, such as window frames or doors.Woodwork
77%
A bank of deep snow heaped up by the wind.Snowdrift
73%
A graphic representation of the passage of time as a line.Timeline
73%
People assembled for the purpose of having an eyewitness identify a suspect among them.Lineup
68%
A person's child or children.Offspring
67%
The external side or surface of something.Outside
65%
The span of one of the 4 seasons.Springtime
63%
A person devoted to reading.Bookworm
62%
Radioactive particles that are carried into the atmosphere after a nuclear explosion.Fallout
60%
Either of the two lines bounding the longer sides of a football field.Sideline
60%
Against the wind.Upwind
58%
A piece of unexpected good fortune.Windfall
58%
A hypothetical connection between widely separated regions of space-time.Wormhole
57%
Housekeeping, such as cleaning, shopping, and cooking.Housework
55%
A person employed in laying and maintaining railroad track.Lineman
55%
The number of people working or available for work or service.Manpower
55%
A person's assistant or close associate.Sidekick
53%
The upper part of a ship's side, above the waterline.Topside
53%
A student's book containing instruction and exercises relating to a particular subject.Workbook
53%
A person or thing of great energy, strength, or power.Powerhouse
52%
The start of an event or activity.Kickoff
50%

Score Distribution

Percentile by Number Answered

Percent of People with Each Score

Your Score History

You have not taken this quiz